[Event "ODJM B 2025"]
[Site "Willingen GER"]
[Date "2025.06.14"]
[Round "9"]
[White "Hoffmann, Sophia"]
[Black "Wilmink, Luca"]
[Result "1/2-1/2"]
[Termination "normal"]
[Board "19"]
[WhiteElo "1664"]
[BlackElo "1779"]
[WhiteClock "00:22:40"]
[BlackClock "00:35:46"]
[PlyCount "108"]
[WhiteFideId "16259130"]
[BlackFideId "16245253"]
[EventCountry "GER"]
[EventRounds "9"]
[EventType "swiss"]
[EventDate "2025.06.07"]

1. d4 {[%clk 01:30:56]} {[%emt 00:00:02]} Nf6 {[%clk 01:30:26]} {[%emt
00:00:35]} 2. Nf3 {[%clk 01:31:14]} {[%emt 00:00:12]} g6 {[%clk 01:30:06]}
{[%emt 00:00:50]} 3. c4 {[%clk 01:31:36]} {[%emt 00:00:08]} c5 {[%clk
01:29:20]} {[%emt 00:01:16]} 4. e3 {[%clk 01:28:04]} {[%emt 00:04:02]} Bg7
{[%clk 01:27:37]} {[%emt 00:02:13]} 5. Nc3 {[%clk 01:26:50]} {[%emt 00:01:43]}
cxd4 {[%clk 01:26:36]} {[%emt 00:01:32]} 6. exd4 {[%clk 01:25:00]} {[%emt
00:02:20]} O-O {[%clk 01:24:27]} {[%emt 00:02:39]} 7. Be2 {[%clk 01:23:25]}
{[%emt 00:02:05]} d5 {[%clk 01:17:55]} {[%emt 00:07:02]} 8. c5 {[%clk
01:17:52]} {[%emt 00:06:03]} Nc6 {[%clk 01:16:05]} {[%emt 00:02:19]} 9. O-O
{[%clk 01:15:41]} {[%emt 00:02:42]} b6 {[%clk 01:09:27]} {[%emt 00:07:08]} 10.
Bf4 {[%clk 01:10:58]} {[%emt 00:05:13]} Nh5 {[%clk 01:07:01]} {[%emt 00:02:56]}
11. Be3 {[%clk 00:57:48]} {[%emt 00:13:40]} bxc5 {[%clk 01:04:32]} {[%emt
00:02:59]} 12. Bb5 {[%clk 00:55:09]} {[%emt 00:03:09]} Nxd4 {[%clk 01:03:31]}
{[%emt 00:01:31]} 13. Nxd4 {[%clk 00:52:32]} {[%emt 00:03:07]} cxd4 {[%clk
01:03:27]} {[%emt 00:00:33]} 14. Bxd4 {[%clk 00:52:14]} {[%emt 00:00:49]} e6
{[%clk 01:03:35]} {[%emt 00:00:22]} 15. Bc5 {[%clk 00:50:08]} {[%emt 00:02:35]}
Bd7 {[%clk 00:56:46]} {[%emt 00:07:19]} 16. Bxd7 {[%clk 00:47:04]} {[%emt
00:03:35]} Qxd7 {[%clk 00:57:04]} {[%emt 00:00:12]} 17. Bxf8 {[%clk 00:47:10]}
{[%emt 00:00:24]} Rxf8 {[%clk 00:56:22]} {[%emt 00:01:12]} 18. Rb1 {[%clk
00:43:21]} {[%emt 00:04:19]} Rc8 {[%clk 00:53:47]} {[%emt 00:03:06]} 19. Qa4
{[%clk 00:39:57]} {[%emt 00:03:52]} Qxa4 {[%clk 00:50:42]} {[%emt 00:03:35]}
20. Nxa4 {[%clk 00:39:32]} {[%emt 00:00:55]} d4 {[%clk 00:49:35]} {[%emt
00:01:38]} 21. Rbc1 {[%clk 00:36:34]} {[%emt 00:03:28]} Rd8 {[%clk 00:48:50]}
{[%emt 00:01:15]} 22. Rfd1 {[%clk 00:34:15]} {[%emt 00:02:49]} e5 {[%clk
00:47:28]} {[%emt 00:01:53]} 23. Rc7 {[%clk 00:32:40]} {[%emt 00:02:04]} e4
{[%clk 00:44:09]} {[%emt 00:03:49]} 24. Nc5 {[%clk 00:30:13]} {[%emt 00:02:58]}
f5 {[%clk 00:39:29]} {[%emt 00:05:09]} 25. Ne6 {[%clk 00:28:04]} {[%emt
00:02:39]} Rd6 {[%clk 00:39:31]} {[%emt 00:00:28]} 26. Nxg7 {[%clk 00:27:26]}
{[%emt 00:01:08]} Nxg7 {[%clk 00:39:51]} {[%emt 00:00:10]} 27. Rxa7 {[%clk
00:26:53]} {[%emt 00:01:03]} Ne6 {[%clk 00:38:16]} {[%emt 00:02:04]} 28. Kf1
{[%clk 00:24:08]} {[%emt 00:03:15]} f4 {[%clk 00:37:14]} {[%emt 00:01:33]} 29.
a4 {[%clk 00:22:25]} {[%emt 00:02:13]} e3 {[%clk 00:37:13]} {[%emt 00:00:30]}
30. Ke2 {[%clk 00:19:04]} {[%emt 00:03:51]} d3+ {[%clk 00:36:43]} {[%emt
00:01:01]} 31. Rxd3 {[%clk 00:18:27]} {[%emt 00:01:07]} f3+ {[%clk 00:36:42]}
{[%emt 00:00:31]} 32. Kxf3 {[%clk 00:12:34]} {[%emt 00:06:22]} Rxd3 {[%clk
00:34:07]} {[%emt 00:03:05]} 33. fxe3 {[%clk 00:12:49]} {[%emt 00:00:15]} Rb3
{[%clk 00:33:12]} {[%emt 00:01:26]} 34. Ke4 {[%clk 00:11:39]} {[%emt 00:01:40]}
Rxb2 {[%clk 00:32:57]} {[%emt 00:00:45]} 35. Kd5 {[%clk 00:10:04]} {[%emt
00:02:05]} Nf8 {[%clk 00:32:36]} {[%emt 00:00:51]} 36. e4 {[%clk 00:09:19]}
{[%emt 00:01:15]} Rd2+ {[%clk 00:30:42]} {[%emt 00:02:24]} 37. Ke5 {[%clk
00:08:09]} {[%emt 00:01:39]} Rxg2 {[%clk 00:30:31]} {[%emt 00:00:42]} 38. h4
{[%clk 00:06:44]} {[%emt 00:01:54]} g5 {[%clk 00:27:41]} {[%emt 00:03:20]} 39.
h5 {[%clk 00:05:13]} {[%emt 00:02:02]} Rh2 {[%clk 00:27:06]} {[%emt 00:01:04]}
40. Kf6 {[%clk 00:04:33]} {[%emt 00:01:10]} h6 {[%clk 00:25:20]} {[%emt
00:02:16]} 41. a5 {[%clk 00:02:09]} {[%emt 00:02:55]} Rf2+ {[%clk 00:23:17]}
{[%emt 00:02:32]} 42. Ke5 {[%clk 00:02:15]} {[%emt 00:00:24]} g4 {[%clk
00:22:51]} {[%emt 00:00:57]} 43. Rb7 {[%clk 00:29:11]} {[%emt 00:03:34]} g3
{[%clk 00:47:48]} {[%emt 00:05:33]} 44. Rb3 {[%clk 00:28:28]} {[%emt 00:01:11]}
g2 {[%clk 00:47:21]} {[%emt 00:00:58]} 45. Rg3+ {[%clk 00:28:47]} {[%emt
00:00:11]} Kf7 {[%clk 00:46:43]} {[%emt 00:01:08]} 46. a6 {[%clk 00:28:16]}
{[%emt 00:01:02]} Nd7+ {[%clk 00:46:31]} {[%emt 00:00:42]} 47. Kd6 {[%clk
00:27:02]} {[%emt 00:01:43]} Rd2+ {[%clk 00:46:43]} {[%emt 00:00:19]} 48. Kc7
{[%clk 00:26:47]} {[%emt 00:00:44]} Nc5 {[%clk 00:45:10]} {[%emt 00:02:03]} 49.
a7 {[%clk 00:26:04]} {[%emt 00:01:14]} Ne6+ {[%clk 00:38:40]} {[%emt 00:07:00]}
50. Kb6 {[%clk 00:25:04]} {[%emt 00:01:28]} Rb2+ {[%clk 00:38:56]} {[%emt
00:00:15]} 51. Kc6 {[%clk 00:24:28]} {[%emt 00:01:01]} Ra2 {[%clk 00:37:41]}
{[%emt 00:01:50]} 52. Kb6 {[%clk 00:23:10]} {[%emt 00:01:48]} Kf6 {[%clk
00:37:00]} {[%emt 00:01:11]} 53. Rxg2 {[%clk 00:22:25]} {[%emt 00:01:14]} Rxg2
{[%clk 00:36:25]} {[%emt 00:01:07]} 54. a8=Q {[%clk 00:22:40]} {[%emt
00:00:14]} Rb2+ {[%clk 00:35:46]} {[%emt 00:01:09]} 1/2-1/2

[Event "ODJM B 2025"]
[Site "Willingen GER"]
[Date "2025.06.14"]
[Round "9"]
[White "Junge, Julia Marie"]
[Black "Bakó, Evelin"]
[Result "1/2-1/2"]
[Termination "normal"]
[Board "20"]
[WhiteElo "1734"]
[BlackElo "1637"]
[WhiteClock "00:52:16"]
[BlackClock "00:19:47"]
[PlyCount "44"]
[WhiteFideId "16293908"]
[BlackFideId "16271823"]
[EventCountry "GER"]
[EventRounds "9"]
[EventType "swiss"]
[EventDate "2025.06.07"]

1. c4 {[%clk 01:30:57]} {[%emt 00:00:02]} c5 {[%clk 01:30:55]} {[%emt
00:00:06]} 2. Nc3 {[%clk 01:31:02]} {[%emt 00:00:24]} g6 {[%clk 01:31:16]}
{[%emt 00:00:09]} 3. g3 {[%clk 01:31:25]} {[%emt 00:00:07]} Bg7 {[%clk
01:31:41]} {[%emt 00:00:05]} 4. Bg2 {[%clk 01:31:26]} {[%emt 00:00:28]} Nc6
{[%clk 01:32:04]} {[%emt 00:00:08]} 5. e3 {[%clk 01:31:05]} {[%emt 00:00:51]}
d6 {[%clk 01:31:32]} {[%emt 00:01:02]} 6. Nge2 {[%clk 01:31:22]} {[%emt
00:00:12]} Bd7 {[%clk 01:29:30]} {[%emt 00:02:33]} 7. d4 {[%clk 01:30:01]}
{[%emt 00:01:51]} Qc8 {[%clk 01:28:16]} {[%emt 00:01:44]} 8. b3 {[%clk
01:26:59]} {[%emt 00:03:32]} h5 {[%clk 01:23:18]} {[%emt 00:05:28]} 9. h4
{[%clk 01:26:52]} {[%emt 00:00:38]} cxd4 {[%clk 01:12:52]} {[%emt 00:10:55]}
10. exd4 {[%clk 01:26:32]} {[%emt 00:00:49]} Bf5 {[%clk 01:11:47]} {[%emt
00:01:35]} 11. Bf4 {[%clk 01:24:21]} {[%emt 00:02:40]} Nb4 {[%clk 01:00:06]}
{[%emt 00:12:12]} 12. O-O {[%clk 01:20:59]} {[%emt 00:03:52]} Bh3 {[%clk
00:54:22]} {[%emt 00:06:14]} 13. Qd2 {[%clk 01:20:23]} {[%emt 00:01:07]} Bxg2
{[%clk 00:52:37]} {[%emt 00:02:13]} 14. Kxg2 {[%clk 01:19:15]} {[%emt
00:01:39]} Nc6 {[%clk 00:45:43]} {[%emt 00:07:24]} 15. Rad1 {[%clk 01:17:26]}
{[%emt 00:02:19]} Nh6 {[%clk 00:43:13]} {[%emt 00:03:01]} 16. d5 {[%clk
01:11:35]} {[%emt 00:06:21]} Ne5 {[%clk 00:42:20]} {[%emt 00:01:23]} 17. Nd4
{[%clk 01:10:30]} {[%emt 00:01:35]} Nf5 {[%clk 00:36:31]} {[%emt 00:06:19]} 18.
Nce2 {[%clk 01:07:55]} {[%emt 00:03:05]} a5 {[%clk 00:29:26]} {[%emt 00:07:35]}
19. Nxf5 {[%clk 01:07:59]} {[%emt 00:00:26]} Qxf5 {[%clk 00:28:50]} {[%emt
00:01:06]} 20. Nd4 {[%clk 01:08:07]} {[%emt 00:00:22]} Qd7 {[%clk 00:26:27]}
{[%emt 00:02:41]} 21. Nb5 {[%clk 00:55:40]} {[%emt 00:13:09]} a4 {[%clk
00:24:50]} {[%emt 00:02:06]} 22. Rc1 {[%clk 00:52:16]} {[%emt 00:03:54]} O-O
{[%clk 00:19:47]} {[%emt 00:05:33]} 1/2-1/2

[Event "ODJM B 2025"]
[Site "Willingen GER"]
[Date "2025.06.14"]
[Round "9"]
[White "Lieb, Max"]
[Black "Stelter, Finja"]
[Result "0-1"]
[Termination "normal"]
[Board "22"]
[WhiteElo "1743"]
[BlackElo "1730"]
[WhiteClock "00:46:32"]
[BlackClock "00:16:57"]
[PlyCount "74"]
[WhiteFideId "34630651"]
[BlackFideId "16298624"]
[EventCountry "GER"]
[EventRounds "9"]
[EventType "swiss"]
[EventDate "2025.06.07"]

1. d4 {[%clk 01:30:57]} {[%emt 00:00:03]} d5 {[%clk 01:30:38]} {[%emt
00:00:22]} 2. c4 {[%clk 01:31:22]} {[%emt 00:00:05]} e6 {[%clk 01:30:50]}
{[%emt 00:00:18]} 3. Nf3 {[%clk 01:31:47]} {[%emt 00:00:05]} Nf6 {[%clk
01:30:52]} {[%emt 00:00:28]} 4. g3 {[%clk 01:32:11]} {[%emt 00:00:06]} c5
{[%clk 01:29:37]} {[%emt 00:01:46]} 5. Bg2 {[%clk 01:32:00]} {[%emt 00:00:40]}
Nc6 {[%clk 01:28:33]} {[%emt 00:01:35]} 6. O-O {[%clk 01:31:09]} {[%emt
00:01:20]} dxc4 {[%clk 01:26:07]} {[%emt 00:02:56]} 7. Ne5 {[%clk 01:31:27]}
{[%emt 00:00:11]} Nxe5 {[%clk 01:20:06]} {[%emt 00:06:32]} 8. dxe5 {[%clk
01:31:50]} {[%emt 00:00:07]} Qxd1 {[%clk 01:20:07]} {[%emt 00:00:29]} 9. Rxd1
{[%clk 01:32:14]} {[%emt 00:00:07]} Nd7 {[%clk 01:19:39]} {[%emt 00:00:57]} 10.
Na3 {[%clk 01:30:36]} {[%emt 00:02:07]} Nxe5 {[%clk 01:17:02]} {[%emt
00:03:08]} 11. Bf4 {[%clk 01:30:06]} {[%emt 00:01:00]} Ng6 {[%clk 01:10:47]}
{[%emt 00:06:45]} 12. Bd6 {[%clk 01:25:41]} {[%emt 00:04:55]} Bxd6 {[%clk
01:06:52]} {[%emt 00:04:25]} 13. Rxd6 {[%clk 01:26:06]} {[%emt 00:00:06]} Ke7
{[%clk 01:04:05]} {[%emt 00:03:15]} 14. Rad1 {[%clk 01:26:18]} {[%emt
00:00:18]} Rb8 {[%clk 01:03:13]} {[%emt 00:01:23]} 15. Nxc4 {[%clk 01:24:39]}
{[%emt 00:02:08]} b6 {[%clk 01:00:08]} {[%emt 00:03:35]} 16. f4 {[%clk
01:17:02]} {[%emt 00:08:08]} f6 {[%clk 00:51:50]} {[%emt 00:08:48]} 17. Rc6
{[%clk 01:15:23]} {[%emt 00:02:09]} Rd8 {[%clk 00:46:17]} {[%emt 00:06:02]} 18.
Rc7+ {[%clk 01:15:04]} {[%emt 00:00:50]} Rd7 {[%clk 00:41:58]} {[%emt
00:04:49]} 19. Rdxd7+ {[%clk 01:12:42]} {[%emt 00:02:52]} Bxd7 {[%clk
00:42:15]} {[%emt 00:00:13]} 20. Bc6 {[%clk 01:12:50]} {[%emt 00:00:21]} Nf8
{[%clk 00:40:26]} {[%emt 00:02:18]} 21. Rxa7 {[%clk 01:12:13]} {[%emt
00:01:08]} Ke8 {[%clk 00:35:59]} {[%emt 00:04:57]} 22. Bxd7+ {[%clk 01:09:16]}
{[%emt 00:03:28]} Nxd7 {[%clk 00:36:17]} {[%emt 00:00:12]} 23. Kf2 {[%clk
01:07:56]} {[%emt 00:01:49]} b5 {[%clk 00:33:07]} {[%emt 00:03:41]} 24. Nd2
{[%clk 01:06:54]} {[%emt 00:01:31]} Rb6 {[%clk 00:28:41]} {[%emt 00:04:54]} 25.
Ke3 {[%clk 01:00:32]} {[%emt 00:06:54]} f5 {[%clk 00:25:18]} {[%emt 00:03:53]}
26. Nf3 {[%clk 00:55:06]} {[%emt 00:05:56]} Rd6 {[%clk 00:24:12]} {[%emt
00:01:37]} 27. Ne5 {[%clk 00:54:57]} {[%emt 00:00:38]} Nxe5 {[%clk 00:21:58]}
{[%emt 00:02:44]} 28. fxe5 {[%clk 00:55:21]} {[%emt 00:00:07]} Rd7 {[%clk
00:21:49]} {[%emt 00:00:38]} 29. Ra6 {[%clk 00:53:09]} {[%emt 00:02:41]} Ke7
{[%clk 00:21:19]} {[%emt 00:01:02]} 30. Rb6 {[%clk 00:52:31]} {[%emt 00:01:07]}
b4 {[%clk 00:20:22]} {[%emt 00:01:28]} 31. a3 {[%clk 00:51:23]} {[%emt
00:01:38]} bxa3 {[%clk 00:18:54]} {[%emt 00:01:58]} 32. bxa3 {[%clk 00:51:04]}
{[%emt 00:00:48]} Ra7 {[%clk 00:19:10]} {[%emt 00:00:14]} 33. Kd3 {[%clk
00:46:46]} {[%emt 00:04:48]} Rxa3+ {[%clk 00:18:59]} {[%emt 00:00:42]} 34. Kc4
{[%clk 00:47:09]} {[%emt 00:00:07]} Re3 {[%clk 00:17:07]} {[%emt 00:02:22]} 35.
Rb7+ {[%clk 00:46:29]} {[%emt 00:01:10]} Kf8 {[%clk 00:17:25]} {[%emt
00:00:12]} 36. Kxc5 {[%clk 00:46:08]} {[%emt 00:00:51]} Rxe5+ {[%clk 00:17:01]}
{[%emt 00:00:54]} 37. Kd6 {[%clk 00:46:32]} {[%emt 00:00:06]} Rxe2 {[%clk
00:16:57]} {[%emt 00:00:34]} 0-1

[Event "ODJM B 2025"]
[Site "Willingen GER"]
[Date "2025.06.14"]
[Round "9"]
[White "Moldovan, Tatiana"]
[Black "Huppert, Anna"]
[Result "1/2-1/2"]
[Termination "normal"]
[Board "23"]
[WhiteElo "1780"]
[BlackElo "1630"]
[WhiteClock "00:20:24"]
[BlackClock "00:06:42"]
[PlyCount "92"]
[WhiteFideId "16287398"]
[BlackFideId "16214439"]
[EventCountry "GER"]
[EventRounds "9"]
[EventType "swiss"]
[EventDate "2025.06.07"]

1. e4 {[%clk 01:30:57]} {[%emt 00:00:02]} e6 {[%clk 01:30:54]} {[%emt
00:00:07]} 2. Nf3 {[%clk 01:31:22]} {[%emt 00:00:04]} d5 {[%clk 01:31:19]}
{[%emt 00:00:06]} 3. e5 {[%clk 01:31:48]} {[%emt 00:00:04]} c5 {[%clk
01:31:44]} {[%emt 00:00:05]} 4. c3 {[%clk 01:32:12]} {[%emt 00:00:06]} Nc6
{[%clk 01:32:10]} {[%emt 00:00:05]} 5. Na3 {[%clk 01:32:34]} {[%emt 00:00:08]}
Nge7 {[%clk 01:32:15]} {[%emt 00:00:24]} 6. Nc2 {[%clk 01:32:57]} {[%emt
00:00:07]} Nf5 {[%clk 01:31:43]} {[%emt 00:01:02]} 7. d4 {[%clk 01:33:17]}
{[%emt 00:00:10]} Be7 {[%clk 01:31:55]} {[%emt 00:00:18]} 8. Bd3 {[%clk
01:33:25]} {[%emt 00:00:23]} O-O {[%clk 01:31:55]} {[%emt 00:00:30]} 9. O-O
{[%clk 01:33:44]} {[%emt 00:00:10]} cxd4 {[%clk 01:30:41]} {[%emt 00:01:44]}
10. cxd4 {[%clk 01:30:47]} {[%emt 00:03:27]} f6 {[%clk 01:24:02]} {[%emt
00:07:09]} 11. Re1 {[%clk 01:27:30]} {[%emt 00:03:47]} Bd7 {[%clk 01:20:35]}
{[%emt 00:03:56]} 12. Kh1 {[%clk 01:18:36]} {[%emt 00:09:25]} fxe5 {[%clk
01:08:08]} {[%emt 00:12:57]} 13. dxe5 {[%clk 01:13:36]} {[%emt 00:05:30]} Be8
{[%clk 01:04:08]} {[%emt 00:04:30]} 14. h3 {[%clk 01:10:04]} {[%emt 00:04:02]}
Nh4 {[%clk 00:50:27]} {[%emt 00:14:11]} 15. Nxh4 {[%clk 01:03:28]} {[%emt
00:07:05]} Bxh4 {[%clk 00:50:37]} {[%emt 00:00:20]} 16. g3 {[%clk 01:03:45]}
{[%emt 00:00:14]} Bg5 {[%clk 00:46:33]} {[%emt 00:04:33]} 17. f4 {[%clk
01:03:55]} {[%emt 00:00:20]} Be7 {[%clk 00:44:53]} {[%emt 00:02:11]} 18. Qg4
{[%clk 01:03:51]} {[%emt 00:00:34]} h5 {[%clk 00:36:39]} {[%emt 00:08:43]} 19.
Qd1 {[%clk 00:53:06]} {[%emt 00:11:15]} Bf7 {[%clk 00:34:27]} {[%emt 00:02:42]}
20. Be3 {[%clk 00:51:13]} {[%emt 00:02:23]} Qe8 {[%clk 00:32:24]} {[%emt
00:02:33]} 21. a3 {[%clk 00:49:44]} {[%emt 00:02:00]} Bg6 {[%clk 00:29:49]}
{[%emt 00:03:05]} 22. Nd4 {[%clk 00:48:46]} {[%emt 00:01:26]} Bxd3 {[%clk
00:27:22]} {[%emt 00:02:58]} 23. Qxd3 {[%clk 00:49:07]} {[%emt 00:00:10]} Nxd4
{[%clk 00:27:06]} {[%emt 00:00:46]} 24. Bxd4 {[%clk 00:49:24]} {[%emt
00:00:13]} b6 {[%clk 00:27:12]} {[%emt 00:00:24]} 25. b4 {[%clk 00:49:08]}
{[%emt 00:00:46]} Rc8 {[%clk 00:23:48]} {[%emt 00:03:53]} 26. Rac1 {[%clk
00:49:17]} {[%emt 00:00:21]} Rxc1 {[%clk 00:24:03]} {[%emt 00:00:15]} 27. Rxc1
{[%clk 00:49:42]} {[%emt 00:00:05]} h4 {[%clk 00:18:57]} {[%emt 00:05:36]} 28.
Kh2 {[%clk 00:47:06]} {[%emt 00:03:06]} a5 {[%clk 00:15:12]} {[%emt 00:04:16]}
29. bxa5 {[%clk 00:41:59]} {[%emt 00:05:37]} bxa5 {[%clk 00:15:26]} {[%emt
00:00:16]} 30. Rc3 {[%clk 00:42:17]} {[%emt 00:00:11]} Qf7 {[%clk 00:13:58]}
{[%emt 00:01:58]} 31. Be3 {[%clk 00:41:11]} {[%emt 00:01:36]} hxg3+ {[%clk
00:13:12]} {[%emt 00:01:17]} 32. Kxg3 {[%clk 00:41:35]} {[%emt 00:00:05]} Qf5
{[%clk 00:12:34]} {[%emt 00:01:09]} 33. Qxf5 {[%clk 00:40:38]} {[%emt
00:01:26]} Rxf5 {[%clk 00:11:02]} {[%emt 00:02:02]} 34. Rc6 {[%clk 00:30:38]}
{[%emt 00:10:30]} Bxa3 {[%clk 00:08:53]} {[%emt 00:02:39]} 35. Rxe6 {[%clk
00:30:58]} {[%emt 00:00:11]} Rf7 {[%clk 00:08:38]} {[%emt 00:00:45]} 36. Ra6
{[%clk 00:30:17]} {[%emt 00:01:10]} Bb4 {[%clk 00:07:17]} {[%emt 00:01:51]} 37.
Ra8+ {[%clk 00:19:43]} {[%emt 00:11:04]} Rf8 {[%clk 00:06:58]} {[%emt
00:00:49]} 38. Ra7 {[%clk 00:20:03]} {[%emt 00:00:10]} Rf7 {[%clk 00:06:42]}
{[%emt 00:00:45]} 39. Ra8+ {[%clk 00:20:24]} {[%emt 00:00:10]} Kh7 {[%emt
00:02:37]} 40. Rd8 Kg8 {[%emt 00:00:04]} 41. Ra8+ Rf8 {[%emt 00:00:01]} 42. Ra7
Bd2 {[%emt 00:00:09]} 43. Bb6 Bb4 44. Be3 {[%emt 00:00:01]} Rd8 45. Bb6 {[%emt
00:00:01]} Ba3 {[%emt 00:00:24]} 46. Be3 {[%emt 00:00:03]} Rf8 1/2-1/2

[Event "ODJM B 2025"]
[Site "Willingen GER"]
[Date "2025.06.14"]
[Round "9"]
[White "Schiewe, Nadin"]
[Black "Müller, Cosima"]
[Result "1/2-1/2"]
[Termination "normal"]
[Board "24"]
[WhiteElo "1764"]
[BlackElo "1757"]
[WhiteClock "00:23:19"]
[BlackClock "01:01:43"]
[PlyCount "58"]
[WhiteFideId "16209079"]
[BlackFideId "34601490"]
[EventCountry "GER"]
[EventRounds "9"]
[EventType "swiss"]
[EventDate "2025.06.07"]

1. d4 {[%clk 01:30:57]} {[%emt 00:00:03]} d5 {[%clk 01:30:57]} {[%emt
00:00:03]} 2. Nf3 {[%clk 01:31:22]} {[%emt 00:00:05]} Nf6 {[%clk 01:31:23]}
{[%emt 00:00:04]} 3. e3 {[%clk 01:31:45]} {[%emt 00:00:07]} c5 {[%clk
01:31:50]} {[%emt 00:00:04]} 4. c3 {[%clk 01:32:06]} {[%emt 00:00:08]} e6
{[%clk 01:32:12]} {[%emt 00:00:07]} 5. Bd3 {[%clk 01:32:26]} {[%emt 00:00:10]}
Nc6 {[%clk 01:32:35]} {[%emt 00:00:07]} 6. Nbd2 {[%clk 01:32:24]} {[%emt
00:00:33]} Bd6 {[%clk 01:32:49]} {[%emt 00:00:15]} 7. O-O {[%clk 01:32:39]}
{[%emt 00:00:16]} O-O {[%clk 01:33:15]} {[%emt 00:00:05]} 8. Re1 {[%clk
01:32:22]} {[%emt 00:00:45]} e5 {[%clk 01:32:10]} {[%emt 00:01:36]} 9. dxe5
{[%clk 01:30:02]} {[%emt 00:02:50]} Nxe5 {[%clk 01:30:52]} {[%emt 00:01:48]}
10. Nxe5 {[%clk 01:28:31]} {[%emt 00:02:00]} Bxe5 {[%clk 01:31:15]} {[%emt
00:00:08]} 11. e4 {[%clk 01:25:13]} {[%emt 00:03:49]} Qc7 {[%clk 01:23:09]}
{[%emt 00:08:34]} 12. h3 {[%clk 01:24:02]} {[%emt 00:01:41]} Be6 {[%clk
01:20:50]} {[%emt 00:02:49]} 13. Nf3 {[%clk 01:13:41]} {[%emt 00:10:51]} dxe4
{[%clk 01:17:02]} {[%emt 00:04:19]} 14. Bxe4 {[%clk 01:09:13]} {[%emt
00:04:57]} Nxe4 {[%clk 01:17:10]} {[%emt 00:00:22]} 15. Rxe4 {[%clk 01:09:36]}
{[%emt 00:00:07]} Rad8 {[%clk 01:15:06]} {[%emt 00:02:34]} 16. Qe2 {[%clk
01:08:56]} {[%emt 00:01:11]} Bd6 {[%clk 01:12:51]} {[%emt 00:02:44]} 17. Bg5
{[%clk 00:58:44]} {[%emt 00:10:42]} Be7 {[%clk 01:11:00]} {[%emt 00:02:22]} 18.
Re1 {[%clk 00:56:41]} {[%emt 00:02:33]} Rd5 {[%clk 01:07:50]} {[%emt 00:03:40]}
19. Rxe6 {[%clk 00:50:33]} {[%emt 00:06:37]} Bxg5 {[%clk 01:06:29]} {[%emt
00:01:52]} 20. Nxg5 {[%clk 00:50:38]} {[%emt 00:00:25]} Rxg5 {[%clk 01:06:42]}
{[%emt 00:00:16]} 21. Re8 {[%clk 00:49:44]} {[%emt 00:01:25]} g6 {[%clk
01:04:22]} {[%emt 00:02:50]} 22. Qe7 {[%clk 00:43:04]} {[%emt 00:07:10]} Rxe8
{[%clk 01:03:35]} {[%emt 00:01:17]} 23. Qxe8+ {[%clk 00:38:36]} {[%emt
00:04:58]} Kg7 {[%clk 01:03:52]} {[%emt 00:00:12]} 24. Re7 {[%clk 00:38:18]}
{[%emt 00:00:48]} Qf4 {[%clk 01:04:10]} {[%emt 00:00:13]} 25. Re4 {[%clk
00:28:08]} {[%emt 00:10:40]} Qc1+ {[%clk 01:03:50]} {[%emt 00:00:50]} 26. Kh2
{[%clk 00:25:25]} {[%emt 00:03:13]} Rf5 {[%clk 01:02:22]} {[%emt 00:01:57]} 27.
Re2 {[%clk 00:22:43]} {[%emt 00:03:13]} Qf4+ {[%clk 01:01:35]} {[%emt
00:01:16]} 28. Kg1 {[%clk 00:22:59]} {[%emt 00:00:14]} Qc1+ {[%clk 01:01:22]}
{[%emt 00:00:44]} 29. Kh2 {[%clk 00:23:19]} {[%emt 00:00:10]} Qf4+ {[%clk
01:01:43]} {[%emt 00:00:09]} 1/2-1/2